000
00331 a2200157 4500
001
148877
040
_c
Escola São Tomás de Aquino
100
_a
ZIRALDO
240
1
0
_a
Menina Nina
_l
por
245
1
0
_a
Menina Nina
300
_a
37
362
0
_a
2006
440
1
_a
Melhoramentos
697
_a
*LITERATURA INFANTO
942
_c
BK
999
_c
148877
_d
148877